Con gái thầy lang

Đã lưu trong:
Bibliografiske detaljer
Hovedforfatter: Amy Tan
Format: Bog
Sprog:Undetermined
Udgivet: TP.HCM Văn nghệ TP.HCM 2002
Fag:
Online adgang:http://lrc.tdmu.edu.vn/opac/search/detail.asp?aID=2&ID=7143
Tags: Tilføj Tag
Ingen Tags, Vær først til at tagge denne postø!
Thư viện lưu trữ: Trung tâm Học liệu Trường Đại học Thủ Dầu Một
LEADER 00577nam a2200193Ia 4500
001 TDMU_7143
008 210410s9999 xx 000 0 und d
082 |a 810 
090 |b A104 
100 |a Amy Tan 
245 0 |a Con gái thầy lang 
245 0 |c Amy Tan 
260 |a TP.HCM 
260 |b Văn nghệ TP.HCM 
260 |c 2002 
300 |a 490tr 
650 |a Tiểu thuyết; Tiểu thuyết nước ngoài 
856 |u http://lrc.tdmu.edu.vn/opac/search/detail.asp?aID=2&ID=7143 
980 |a Trung tâm Học liệu Trường Đại học Thủ Dầu Một